Technical communication (Record no. 189420)

000 -LEADER
fixed length control field 00379nam a2200133Ia 4500
008 - FIXED-LENGTH DATA ELEMENTS--GENERAL INFORMATION
fixed length control field 220217s9999||||xx |||||||||||||| ||und||
020 ## - INTERNATIONAL STANDARD BOOK NUMBER
International Standard Book Number 199457492
082 ## - DEWEY DECIMAL CLASSIFICATION NUMBER
Classification number 808.0666 RAM
100 ## - MAIN ENTRY--PERSONAL NAME
Personal name Raman, Meenakshi and Sharma, Sangeetha
245 #0 - TITLE STATEMENT
Title Technical communication
260 ## - PUBLICATION, DISTRIBUTION, ETC.
Place of publication, distribution, etc. Oxford university press
Name of publisher, distributor, etc. New Delhi
Date of publication, distribution, etc. 2021
300 ## - PHYSICAL DESCRIPTION
Extent XVI, 498p.
Other physical details 699
650 ## - SUBJECT ADDED ENTRY--TOPICAL TERM
Topical term or geographic name entry element Placement
Holdings
Withdrawn status Lost status Damaged status Not for loan Collection code Home library Current library Date acquired Total Checkouts Total Renewals Full call number Barcode Date last seen Date last checked out Price effective from Koha item type
        Humanity Science Central Library Central Library 02/18/2022 4 1 808.0666 RAM 24609 05/15/2023 04/06/2023 02/18/2022 Books

Powered by Koha